00681nam a2200205Ia 4500003000500000005001700005008004100022020003000063040001400093082001800107100003300125245005700158250001800215260003800233300004200271521001300313942003500326999001900361952009500380322820250529092850.0210816s9999 xx 000 0 und d a9781404234130qHard cover aRDAc3228 aJ 571.82 KRAV a KRAVETZ, Jonathan 932165 0aLearning about plant growth with graphic organizers  aFirst edition aNew YorkbPowerKids Press c2007  a24 PagesbColour illustrationsc22 cm aJuvenile cBK2ddcy470zPatience Mbowane c118563d118563 00104070aMAFELbMAFELd2021-08-17g57.00l0p33228021375173r2021-08-17w2021-08-17yBK